000
00279nam a22001217a 4500
020
_a
0-8311-1070-8
082
_a
621.811 MOL'M
100
_a
MOLTRECHT, K. H
_9
78640
245
_a
MACHINE SHOP PRRACTICE
250
_a
VOL-2
260
_a
NEWYORK
_b
INDUSTRIAL
_c
1971
942
_c
BK
999
_c
584012
_d
584012